Productive scientists of pakistan 2005 (Record no. 572606)
[ view plain ]
| 000 -LEADER | |
|---|---|
| fixed length control field | 00572nam a22001697a 4500 |
| 003 - CONTROL NUMBER IDENTIFIER | |
| control field | CEME |
| 005 - DATE AND TIME OF LATEST TRANSACTION | |
| control field | 20210628203210.0 |
| 008 - FIXED-LENGTH DATA ELEMENTS--GENERAL INFORMATION | |
| fixed length control field | 210119b xxu||||| |||| 00| 0 eng d |
| 040 ## - CATALOGING SOURCE | |
| Transcribing agency | ceme |
| 082 ## - DEWEY DECIMAL CLASSIFICATION NUMBER | |
| Classification number | 509.25491 PRO |
| 100 ## - MAIN ENTRY--PERSONAL NAME | |
| Personal name | Pcst |
| 9 (RLIN) | 38279 |
| 245 ## - TITLE STATEMENT | |
| Title | Productive scientists of pakistan 2005 |
| 260 ## - PUBLICATION, DISTRIBUTION, ETC. | |
| Place of publication, distribution, etc. | ISLAMABAD |
| Name of publisher, distributor, etc. | PAKISTAN COUNCIL FOR SCIENCE AND TECHNOLOGY |
| Date of publication, distribution, etc. | 2005 |
| 300 ## - PHYSICAL DESCRIPTION | |
| Extent | VIII,454P |
| 650 ## - SUBJECT ADDED ENTRY--TOPICAL TERM | |
| Topical term or geographic name entry element | PRODUCTIVIE SCIENTISTS OF PAKISTAN 2005.PCST.UNIVERSITY FACULTY PUBLICATIONS.RESEARCH PAPERS AND PUBLICATIONS OF PAKISTANI FACULTY. |
| 9 (RLIN) | 63921 |
| 942 ## - ADDED ENTRY ELEMENTS (KOHA) | |
| Koha item type | Book |
| Source of classification or shelving scheme | |
| Withdrawn status | Lost status | Damaged status | Not for loan | Permanent Location | Current Location | Shelving location | Date acquired | Total Checkouts | Full call number | Barcode | Date last seen | Price effective from | Koha item type |
|---|---|---|---|---|---|---|---|---|---|---|---|---|---|
| College of Electrical & Mechanical Engineering (CEME) | College of Electrical & Mechanical Engineering (CEME) | Reference | 07/26/2017 | 509.25491 PRO | CEME-42179 | 06/28/2021 | 06/28/2021 | Book |
